000
00337nam a2200145Ia 4500
008
230718s9999 xx 000 0 und d
041
_a
Eng.
082
_a
346.9
_b
RAJ-P
100
_a
Rajesh, Iandon
245
0
_a
Principles of Equity
260
_a
Pakistan
_b
Allahbad law agency
_c
2014
300
_a
163
650
_a
Law
999
_c
31347
_d
31347